pomme - a peu près - Statistiques

Statistiques générales
  • Ce quiz a été pris 67 fois
  • Le résultat moyen est 164 sur 214
Statistiques - réponses
Hint Réponse % Correct
à
97%
À
97%
| . Je
93%
je
93%
la
93%
peu
93%
près
93%
te
93%
de
90%
De
90%
me
90%
Et
86%
et
86%
tes
86%
fais
83%
le
83%
Ne
83%
pas
83%
poèmes
83%
souviens
83%
t'en
83%
vœux
83%
yeux
83%
dans
79%
des
79%
Des
79%
dés
79%
jour
79%
m'en
79%
Ou
79%
ou
79%
Que
79%
que
79%
retrouverais
79%
si
79%
Si
79%
tu
79%
Tu
79%
au
76%
Au
76%
balançais
76%
C'était
76%
c'était
76%
est
76%
feu
76%
les
76%
l'or
76%
lumière
76%
qu'un
76%
sors
76%
tous
76%
Tous
76%
comme
72%
histoire
72%
jamais
72%
jeté
72%
l'autre
72%
sais
72%
ces
69%
dit
69%
je t'aime
69%
j'étais
69%
m'as
69%
moi
69%
notre
69%
tienne
69%
un
69%
bleu
66%
ciel
66%
cité
66%
Qu'avec
66%
vie
66%
deux
62%
heureux
62%
l'histoire
62%
mes
62%
plus
62%
Verlaine
62%
en
59%
jours
59%
mots
59%
qu'on
59%
voulu
59%
As-tu
55%
Compté
55%
pétales
55%
sur
55%
chansons
52%
même
52%
ont
52%
problèmes
52%
Qui
52%
savais
52%
thème
52%
assez
48%
brisés
48%
C'en
48%
Rimbaud
48%
amours
45%
cœurs
45%
morceaux
45%
sème
45%
blêmes
38%
épuisées
38%
Aucun quiz correspondant
Distribution des résultats
% des personnes avec chaque résultat
Percentile par nombre de réponses
Votre historique - résultats
Vous n’avez pas pris ce quiz